| 000 | 01219cab a2200241 4500 | ||
|---|---|---|---|
| 001 | ABS31414 | ||
| 008 | 090401t1981 xxu||||| |||| 00| 0 eng d | ||
| 035 | _a(Sirsi) u61995 | ||
| 041 | _aeng | ||
| 100 | _aGentry, D.W. | ||
| 245 | _aValuation of mines and mineral-bearing lands | ||
| 260 | _c1981 | ||
| 350 | _a0 | ||
| 490 |
_aValuation (ASA) _v27(1) November 1981, 28-38(11) |
||
| 520 | _aEstimation of past, present or future mineral operations on mineral-bearing lands is a very difficult, time-consuming and often subjective process. It is important to recognise that no two mineral deposits are the same, and each deposit is unique in itself. Discusses the basic parameters affecting mine value determinations as well as the applicability of the cost, comparable sales and income approaches to mine value estimation. Recommends the income approach as calculated using discounted annual cash flow (DCF) analysis in conjunction with risk analysis via the Monte Carlo sampling technique. References. | ||
| 650 | _aINCOME APPROACH | ||
| 650 | _aMINERAL VALUATION | ||
| 650 | _aVALUATION METHODS | ||
| 690 | _aMINING AND MINERALS | ||
| 690 | _aRATING AND VALUATION | ||
| 942 | _n0 | ||
| 948 | _c04/03/1997 | ||
| 999 |
_c38478 _d38478 |
||